Η κινεζική σκέψη
Αποθηκεύτηκε σε:
| Κύριος συγγραφέας: | |
|---|---|
| Μορφή: | Βιβλίο |
| Γλώσσα: | Greek French |
| Δημοσίευση: |
Αθήνα :
Γνώση,
1992.
|
| Σειρά: | Φιλοσοφική και πολιτική βιβλιοθήκη ;
43 |
| Θέματα: | |
| Ετικέτες: |
Προσθήκη ετικέτας
Δεν υπάρχουν, Καταχωρήστε ετικέτα πρώτοι!
|
MARC
| LEADER | 00000cam a2200000 a 4500 | ||
|---|---|---|---|
| 001 | 1/124896 | ||
| 008 | 220518s1992####gr | ||| |||| ||gre|| | ||
| 020 | |a 9789602358504 | ||
| 040 | |a GR-MyUa |b gre |c GR-MyUa |e AACR2 | ||
| 041 | 1 | |a gre |h fre | |
| 082 | 7 | |a 181.11 |2 (23) | |
| 100 | 1 | |a Granet, Marcel, |d 1884-1940. | |
| 245 | 1 | 2 | |a Η κινεζική σκέψη / |c Marcel Granet ; μετάφραση Πωλίνα Λάμψα. |
| 260 | |a Αθήνα : |b Γνώση, |c 1992. | ||
| 300 | |a 642 σ. ; |c 21 εκ. | ||
| 490 | 1 | |a (Φιλοσοφική και πολιτική βιβλιοθήκη ; |v 43) | |
| 504 | |a Βιβλιογραφία: σ. [625]-642. | ||
| 650 | 0 | |a Philosophy, Chinese | |
| 651 | 0 | |a China |x Civilization. | |
| 830 | 0 | |a Φιλοσοφική και πολιτική βιβλιοθήκη ; |v 43 | |
| 920 | |a Εύδοξος |b Παραγγελία |y Σύρος-ΤΜΣΠΣ |z 2022-05 | ||
| 970 | |a Κοντού |b Παρασκευή |z 18/05/2022 | ||